Online
Catalog

Elementos de derecho admistrativo con aplicación a las leyes de la República Dominicana / (Record no. 3420)

MARC details
000 -CABECERA
campo de control de longitud fija 01044nam a2200229 a 4500
001 - NÚMERO DE CONTROL
campo de control 000003596
005 - FECHA Y HORA DE LA ÚLTIMA TRANSACCIÓN
campo de control 20210408121938.0
008 - DATOS DE LONGITUD FIJA--INFORMACIÓN GENERAL
campo de control de longitud fija 090711s1981 dr r 000 0 spa d
040 ## - FUENTE DE LA CATALOGACIÓN
Centro catalogador/agencia de origen DO-SdBNP
Lengua de catalogación spa
Centro/agencia transcriptor BNPHU
082 ## - NÚMERO DE LA CLASIFICACIÓN DECIMAL DEWEY
Número de clasificación xxxx
Número de documento/Ítem T853e, 1981
100 1# - ENTRADA PRINCIPAL--NOMBRE DE PERSONA
Nombre de persona Troncoso de la Concha, M. de J.
Forma completa/desarrollada del nombre (Manuel de Jesús)
Fechas asociadas al nombre 1878-1955
9 (RLIN) 6003
245 10 - MENCIÓN DE TÍTULO
Título Elementos de derecho admistrativo con aplicación a las leyes de la República Dominicana /
Mención de responsabilidad, etc. M. de J. Troncoso de la Concha ; prólogo Antonio Guzmán ; presentación Ramón Martínez Aponte.
250 ## - MENCIÓN DE EDICIÓN
Mención de edición 4a ed. revisada y actualizada por el Dr. Raymundo Amaro Guzmán
260 ## - PUBLICACIÓN, DISTRIBUCIÓN, ETC.
Lugar de publicación, distribución, etc. Santo Domingo :
Nombre del editor, distribuidor, etc. Oficina Nacional de Administración y Personal (ONAP),
Fecha de publicación, distribución, etc. 1981.
300 ## - DESCRIPCIÓN FÍSICA
Extensión 427 p. ;
Dimensiones 23 cm.
490 0# - MENCIÓN DE SERIE
Mención de serie Estudios Juridicos
Designación de volumen o secuencia 6
500 ## - NOTA GENERAL
Nota general Incluye índice
504 ## - NOTA DE BIBLIOGRAFÍA, ETC.
Nota de bibliografía, etc. Incluye referencias bibliográficas y notas a pie de páginas.
700 1# - PUNTO DE ACCESO ADICIONAL--NOMBRE DE PERSONA
Nombre de persona Guzmán Fernández, Silvestre Antonio,
Fechas asociadas al nombre 1911-1982
9 (RLIN) 17126
700 1# - PUNTO DE ACCESO ADICIONAL--NOMBRE DE PERSONA
Nombre de persona Martínez Aponte, Ramón
9 (RLIN) 11080
830 #0 - PUNTO DE ACCESO ADICIONAL DE SERIE-TÍTULO UNIFORME
Título uniforme Estudios juridicos
Número de parte o sección de la obra 6
9 (RLIN) 11081
Holdings
Estado de retiro Estado de pérdida No para préstamo Código de colección Localización permanente Ubicación/localización actual Ubicación en estantería Fecha de adquisición Número de inventario Total de préstamos Signatura topográfica completa Código de barras Fecha visto por última vez Precio válido a partir de Tipo de ítem Koha
    Excluido de préstamo Patrimonio Dominicano Patrimonio Dominicano Patrimonio Dominicano Depósito 11.07.2009 LF1   xxxx T853e, 1981 3596-10 25.06.2020 25.06.2020 Libro y Folleto Colección Patrimonio Dominicano

Powered by Koha